000
00272nam a22001337a 4500
008
180221b xxu||||| |||| 00| 0 eng d
020
_a
9781840673005
041
_a
eng
080
_a
2
100
_a
24
101
_a
teo
245
_a
buddihism
_c
roy.g
942
_2
udc
_c
BK
999
_c
43069
_d
43069